[Event "SVR-ch MTA 38th"]
[Site "Nickenich"]
[Date "2015.04.04"]
[Round "9"]
[White "Matusch, Dirk"]
[Black "Gebhardt, Max"]
[Result "0-1"]
[WhiteElo "2062"]
[BlackElo "2161"]
[PlyCount "82"]
[EventDate "2015.03.27"]
[EventType "tourn"]
[EventRounds "9"]
[EventCountry "GER"]
[SourceTitle "EXT 2016"]
[Source "ChessBase"]
[SourceDate "2015.10.08"]
[SourceVersion "1"]
[SourceVersionDate "2015.10.08"]
[SourceQuality "1"]

1. e4 c6 2. d4 d5 3. Nd2 dxe4 4. Nxe4 Bf5 5. Ng3 Bg6 6. h4 h6 7. Nf3 Nd7 8. h5 Bh7 9. Bd3 Bxd3 10. Qxd3 e6 11. Bd2 Ngf6 12. 0-0-0 Qc7 13. Ne4 0-0-0 14. Qe2 Nxe4 15. Qxe4 Bd6 16. g3 Nf6 17. Qe2 c5 18. dxc5 Bxc5 19. Rh4 Qe7 20. Rc4 Kb8 21. Ne5 Rc8 22. Bf4 Ka8 23. g4 Nd5 24. Kb1 Rhd8 25. Bc1 a6 26. Ra4 Qe8 27. Ra5 Bb4 28. Rxa6+ Kb8 29. Rxd5 exd5 30. Rb6 Bc5 31. Rb3 Rd6 32. Qf3 Qxe5 33. Qxf7 Rc7 34. Qf8+ Ka7 35. f4 Qe6 36. f5 Qe5 37. Rd3 Ra6 38. Qd8 Be7 39. Qg8 Bg5 40. Qxd5 Qxd5 41. Rxd5 Ra4 0-1

[Event "SVR-ch MTA 38th"]
[Site "Nickenich"]
[Date "2015.04.02"]
[Round "6"]
[White "Thoennes, Frank"]
[Black "Matusch, Dirk"]
[Result "1-0"]
[WhiteElo "2018"]
[BlackElo "2062"]
[PlyCount "155"]
[EventDate "2015.03.27"]
[EventType "tourn"]
[EventRounds "9"]
[EventCountry "GER"]
[SourceTitle "EXT 2016"]
[Source "ChessBase"]
[SourceDate "2015.10.08"]
[SourceVersion "1"]
[SourceVersionDate "2015.10.08"]
[SourceQuality "1"]

1. e4 d6 2. Bc4 Nf6 3. Qe2 e5 4. Nf3 Be7 5. 0-0 c6 6. d4 Qc7 7. h3 0-0 8. Re1 Nbd7 9. Nbd2 Ne8 10. Nf1 Bf6 11. c3 b5 12. Bb3 a5 13. a3 a4 14. Ba2 Nb6 15. Rd1 Bd7 16. Ng3 g6 17. Be3 Ng7 18. dxe5 Bd8 19. exd6 Qb7 20. Bh6 Re8 21. Ng5 Ne6 22. h4 Nxg5 23. Bxg5 Be6 24. Bxe6 Rxe6 25. Rd3 Nc4 26. Rad1 Ne5 27. R3d2 Nc4 28. Rd4 f6 29. Bf4 Bb6 30. Rxc4 bxc4 31. Qxc4 Qd7 32. Kf1 h5 33. f3 Kg7 34. Ne2 c5 35. Rd5 Ba7 36. Nc1 Rb8 37. Nd3 Ree8 38. Ke1 Rbc8 39. Kd1 Bb6 40. Kc2 Red8 41. Kb1 Kh7 42. Ka2 Rg8 43. Nf2 Rg7 44. g4 Qf7 45. Nd3 Rd8 46. Nf2 hxg4 47. fxg4 g5 48. Bg3 gxh4 49. Bf4 Kg8 50. Kb1 h3 51. Kc2 Rh7 52. Bh2 Rd7 53. Kd3 Qe6 54. Rf5 Qxc4+ 55. Kxc4 Kg7 56. g5 fxg5 57. Rxg5+ Kf6 58. Rf5+ Ke6 59. Kb5 Rb7 60. Kc4 Ba7 61. Nd3 Rh4 62. Re5+ Kf7 63. Kd5 c4 64. Kxc4 Bb8 65. Rf5+ Ke8 66. Nc5 Rxb2 67. d7+ Ke7 68. Rf7+ Kxf7 69. d8Q Rxe4+ 70. Nxe4 Bxh2 71. Qd7+ Kg6 72. Qe6+ Kg7 73. Qxh3 Kf7 74. Qf5+ Ke7 75. Qf6+ Kd7 76. Nc5+ Kc7 77. Nxa4 Bd6 78. Nxb2 1-0

[Event "SVR-ch MTB 33rd"]
[Site "Mendig"]
[Date "2010.04.01"]
[Round "6"]
[White "Czeratzki, Michael"]
[Black "Matusch, Dirk"]
[Result "1-0"]
[WhiteElo "2080"]
[BlackElo "2025"]
[PlyCount "63"]
[EventDate "2010.03.26"]
[EventType "tourn"]
[EventRounds "9"]
[EventCountry "GER"]
[SourceTitle "EXT 2011"]
[Source "ChessBase"]
[SourceDate "2010.11.26"]
[SourceVersion "1"]
[SourceVersionDate "2010.11.26"]
[SourceQuality "1"]

1. f4 d6 2. Nf3 Nc6 3. e3 e5 4. Nc3 exf4 5. exf4 Nf6 6. Bb5 Be7 7. 0-0 0-0 8. a3 Bg4 9. d4 d5 10. Qd3 Bxf3 11. Rxf3 Bd6 12. Rh3 Ne7 13. Qf3 g6 14. Be3 Qc8 15. Be2 Re8 16. g4 c6 17. Rf1 Ne4 18. Nxe4 dxe4 19. Qf2 Nd5 20. f5 gxf5 21. Qh4 f4 22. Qg5+ Kh8 23. Qh6 Kg8 24. Rh5 Re6 25. Qxh7+ Kf8 26. Rf5 Qe8 27. Bf2 Ne7 28. Bc4 Ng8 29. Bh4 b5 30. Bxe6 Qxe6 31. Rg5 f6 32. Qg7+ 1-0

[Event "SVR-ch MTB 33rd"]
[Site "Mendig"]
[Date "2010.03.27"]
[Round "3"]
[White "Matusch, Dirk"]
[Black "Becker, Wilhelm"]
[Result "1-0"]
[WhiteElo "2025"]
[BlackElo "1982"]
[PlyCount "107"]
[EventDate "2010.03.26"]
[EventType "tourn"]
[EventRounds "9"]
[EventCountry "GER"]
[SourceTitle "EXT 2011"]
[Source "ChessBase"]
[SourceDate "2010.11.26"]
[SourceVersion "1"]
[SourceVersionDate "2010.11.26"]
[SourceQuality "1"]

1. e4 d5 2. exd5 Qxd5 3. Nc3 Qd6 4. d4 Nf6 5. Bc4 a6 6. Nf3 Nc6 7. h3 Bf5 8. Be3 e6 9. a3 Rd8 10. 0-0 Be7 11. Qe2 0-0 12. Rad1 Nd5 13. Bc1 b5 14. Nxd5 exd5 15. Bd3 Bxd3 16. Qxd3 Bf6 17. Rfe1 Rfe8 18. Re2 Rxe2 19. Qxe2 Kf8 20. Be3 Re8 21. Qd2 Re4 22. c3 Na5 23. Qc2 Nc4 24. Bc1 Qe7 25. Kf1 Kg8 26. b3 Nb6 27. Bb2 g6 28. Re1 Rxe1+ 29. Nxe1 Qe6 30. Nd3 Nd7 31. Qe2 Qxe2+ 32. Kxe2 Be7 33. Kd2 f6 34. Kc2 c6 35. Bc1 g5 36. f4 h6 37. g4 Kg7 38. f5 Bd6 39. a4 Kf7 40. Kb2 Ke7 41. Ka2 bxa4 42. bxa4 a5 43. Kb3 Nb6 44. Nb2 Kd7 45. c4 dxc4+ 46. Nxc4 Nxc4 47. Kxc4 Bb4 48. d5 Kd6 49. dxc6 Kxc6 50. Bb2 Be7 51. Bc3 Bd8 52. Bd4 Be7 53. Bb2 Bd8 54. Bc3 1-0